Online Catalogue and eLibrary

Social and cultural history of ancient Sri Lanka / (Record no. 275)

MARC details
000 -LEADER
fixed length control field 00542nam a2200193 a 4500
001 - CONTROL NUMBER
control field 3868300
005 - DATE AND TIME OF LATEST TRANSACTION
control field 20240202021213.0
008 - FIXED-LENGTH DATA ELEMENTS--GENERAL INFORMATION
fixed length control field 881007s1988 ii b 001 0 eng
020 ## - INTERNATIONAL STANDARD BOOK NUMBER
ISBN 8170301238 :
040 ## - CATALOGING SOURCE (பட்டியலாக்க மூலம்)
Original cataloging agency DLC
Transcribing agency DLC
Modifying agency DLC
082 00 - DDC Classification
Class No. 306/.09549/3
DDC Edition Number 19
Item Number - Author Mark HETT.
100 1# - MAIN ENTRY--PERSONAL NAME
Personal name Hettiaratchi, S. B.
245 10 - TITLE STATEMENT
Title Social and cultural history of ancient Sri Lanka /
Statement of responsibility, etc. by S.B. Hettiaratchi.
250 ## - EDITION STATEMENT
Edition statement 1st ed.
260 ## - PUBLICATION, DISTRIBUTION, ETC.
Place of publication, distribution, etc. Delhi, India :
Name of publisher, distributor, etc. Sri Satguru Publications,
Date of publication, distribution, etc. 1988.
300 ## - PHYSICAL DESCRIPTION
Extent (e.g. Volumes, Pages etc.) 302 p. ;
500 ## - GENERAL NOTE
General note Includes index.
942 ## - Koha item type (Biblio)
Koha item type Books in Stacks (Lending)
Holdings
Lost status Damaged status Collection code Home library Current library Date acquired Full call number Accession Number Item type
    Lending WERC Library WERC Library 02/02/2024 306/.09549/3 HETT. 64 Books in Stacks (Lending)

© WERC Library